Piglet / (Record no. 7907)

MARC details
000 -LEADER
fixed length control field 01482nam a22002777a 4500
001 - CONTROL NUMBER
control field 7907
003 - CONTROL NUMBER IDENTIFIER
control field FISKH
005 - DATE AND TIME OF LATEST TRANSACTION
control field 20250813115138.0
008 - FIXED-LENGTH DATA ELEMENTS--GENERAL INFORMATION
fixed length control field 250813b cb ||||| |||| 00| 0 eng d
020 ## - INTERNATIONAL STANDARD BOOK NUMBER
International Standard Book Number 9780525463344
040 ## - CATALOGING SOURCE
Original cataloging agency FISKH
Language of cataloging eng
Transcribing agency FISKH
Modifying agency FISKH
050 ## - LIBRARY OF CONGRESS CALL NUMBER
Classification number PZ7
082 ## - DEWEY DECIMAL CLASSIFICATION NUMBER
Classification number 823.912
100 ## - MAIN ENTRY--PERSONAL NAME
Personal name Milne, A. A.
245 ## - TITLE STATEMENT
Title Piglet /
Statement of responsibility, etc. Inspired by A. A. Milne ; Illustrated by Ernest H. Shepard
260 ## - PUBLICATION, DISTRIBUTION, ETC.
Place of publication, distribution, etc. New York :
Name of publisher, distributor, etc. Penguin,
Date of publication, distribution, etc. 2000.
300 ## - PHYSICAL DESCRIPTION
Extent 10 unnumbered pages :
Other physical details color illustrations ;
Dimensions 28 cm
505 ## - FORMATTED CONTENTS NOTE
Formatted contents note E<br/>
520 ## - SUMMARY, ETC.
Summary, etc. Eeyore and Piglet make a big splash in our newest giant-sized, shaped board books. Featuring thick sturdy pages, safely rounded edges, and just enough text to hold a toddler's interest, these big-enough-to-hug books are specially designed for the Bear of Little Brain's youngest fans. The bright, eye-catching covers are All-Eeyore and All-Piglet, the type is ultralarge, and the full-color artwork is up close and bigger than ever, making these irresistible titles surefire attention-grabbers. They simply beg to be picked up and won't last long on any shelf.Big on charm and cheer, these adorable books show that Pooh and his friends are larger than life--especially in the hearts and minds of young readers.
521 8# - TARGET AUDIENCE NOTE
Target audience note 160<br/>
Source Lexile estimate<br/>
521 8# - TARGET AUDIENCE NOTE
Target audience note E<br/>
Source Raz-Plus<br/>
650 ## - SUBJECT ADDED ENTRY--TOPICAL TERM
Topical term or geographic name entry element Bears
Form subdivision Literature
General subdivision Board Bbook
700 ## - ADDED ENTRY--PERSONAL NAME
Personal name Shepard, Ernest H.
Relator term illustrator
942 ## - ADDED ENTRY ELEMENTS (KOHA)
Source of classification or shelving scheme Dewey Decimal Classification
Koha item type Books
Suppress in OPAC No
Holdings
Withdrawn status Lost status Source of classification or shelving scheme Damaged status Not for loan Collection Home library Current library Shelving location Date acquired Total Checkouts Full call number Barcode Date last seen Copy number Price effective from Koha item type
    Dewey Decimal Classification     Juvenile Fiction Footprints International School Library Network Toul Kork Campus Footprints International School Library Network Toul Kork Campus TK Primary Library Room(4th Floor), Bookcase 7, Shelves 57-60, Dark Green Books 08/13/2025   MIL 823.912 pz7 FISBK07133 08/13/2025 1 08/13/2025 Books